000 00679nam a2200217Ia 4500
003 GCL
008 140319s9999 xx 000 0 ara d
040 _aGCL /
_cGCL
082 0 4 _a741.970
_bا ز
100 1 _aايفا ويلسون
245 1 0 _aزخاف هنود شمال امريكا /
_cايفا ويلسون
700 1 _aجبور سمعان
300 _a128 ص
490 _aالهيئة العامة للاستعلامات
_v0
650 0 4 _aالزخرفة
650 0 4 _aالفن الزخرفى
650 0 4 _aالتصميم الزخرفى
650 0 4 _aالزخرفة - الهند
650 0 4 _aهنود شمال امريكا - الزخرفة
942 _2ddc
_cBK
999 _c51834
_d51834